Midsomer Murders by Episode - Statistics

General Stats
  • This quiz has been taken 234 times
    93 since last reset
  • The average score is 49 of 130
Answer Stats
Detective/Sergeant Answer % Correct
Tom Barnaby/Gavin Troy The Killings At Badger's Drift
78%
Tom Barnaby/Gavin Troy Written In Blood
61%
Tom Barnaby/Gavin Troy Murder on St Malley's Day
57%
Tom Barnaby/Gavin Troy Strangler's Wood
57%
Tom Barnaby/Gavin Troy Tainted Fruit
57%
Tom Barnaby/Gavin Troy Blue Herrings
52%
Tom Barnaby/Gavin Troy Dark Autumn
52%
Tom Barnaby/Gavin Troy Death In Disguise
52%
Tom Barnaby/Gavin Troy Judgement Day
52%
Tom Barnaby/Gavin Troy Ring Out Your Dead
52%
Tom Barnaby/Gavin Troy The Electric Vendetta
52%
Tom Barnaby/Gavin Troy The Green Man
52%
Tom Barnaby/Gavin Troy Who Killed Cock Robin?
52%
Tom Barnaby/Gavin Troy Dead Man's Eleven
48%
Tom Barnaby/Gavin Troy Death of a Stranger
48%
Tom Barnaby/Gavin Troy Faithful Unto Death
48%
Tom Barnaby/Gavin Troy Garden of Death
48%
Tom Barnaby/Gavin Troy Market For Murder
48%
Tom Barnaby/Dan Scott Midsomer Rhapsody
48%
Tom Barnaby/Gavin Troy Painted In Blood
48%
Tom Barnaby/Dan Scott Sauce For The Goose
48%
Tom Barnaby/Ben Jones Vixen's Run
48%
Tom Barnaby/Gavin Troy A Talent For Life
43%
Tom Barnaby/Gavin Troy A Tale of Two Hamlets
43%
Tom Barnaby/Gavin Troy A Worm in the Bud
43%
Tom Barnaby/Dan Scott Bad Tidings
43%
Tom Barnaby/Dan Scott Bantling Boy
43%
Tom Barnaby/Gavin Troy Blood Will Out
43%
Tom Barnaby/Ben Jones Dance With The Dead
43%
Tom Barnaby/Dan Scott Dead in the Water
43%
Tom Barnaby/Ben Jones Dead Letters
43%
Tom Barnaby/Gavin Troy Death and Dreams
43%
Tom Barnaby/Gavin Troy Death of a Hollow Man
43%
Tom Barnaby/Gavin Troy Death's Shadow
43%
Tom Barnaby/Gavin Troy Destroying Angel
43%
Tom Barnaby/Dan Scott Ghosts of Christmas Past
43%
Tom Barnaby/Dan Scott Hidden Depths
43%
Tom Barnaby/Ben Jones Left for Dead
43%
Tom Barnaby/Dan Scott Orchis Fatalis
43%
Tom Barnaby/Ben Jones Picture of Innocence
43%
Tom Barnaby/Dan Scott Second Sight
43%
Tom Barnaby/Ben Jones Secrets and Spies
43%
Tom Barnaby/Ben Jones Small Mercies
43%
Tom Barnaby/Ben Jones The Black Book
43%
Tom Barnaby/Ben Jones The House In The Woods
43%
Tom Barnaby/Ben Jones The Magician's Nephew
43%
Tom Barnaby/Dan Scott The Maid in Splendour
43%
Tom Barnaby/Dan Scott The Straw Woman
43%
Tom Barnaby/Gavin Troy Birds of Prey
39%
Tom Barnaby/Ben Jones Country Matters
39%
Tom Barnaby/Ben Jones Days of Misrule
39%
Tom Barnaby/Ben Jones Death And Dust
39%
Tom Barnaby/Ben Jones Death In Chorus
39%
Tom Barnaby/Ben Jones Down Among The Dead Men
39%
Tom Barnaby/Ben Jones Fit For Murder
39%
Tom Barnaby/Ben Jones Four Funerals and a Wedding
39%
Tom Barnaby/Ben Jones King's Crystal
39%
Tom Barnaby/Ben Jones Midsomer Life
39%
Tom Barnaby/Ben Jones Not In My Back Yard
39%
Tom Barnaby/Dan Scott Sins of Commission
39%
Tom Barnaby/Ben Jones Talking To The Dead
39%
Tom Barnaby/Ben Jones The Animal Within
39%
Tom Barnaby/Ben Jones The Axeman Cometh
39%
Tom Barnaby/Ben Jones The Creeper
39%
John Barnaby/Ben Jones The Dark Rider
39%
Tom Barnaby/Ben Jones The Dogleg Murders
39%
Tom Barnaby/Dan Scott The Fisher King
39%
Tom Barnaby/Ben Jones The Glitch
39%
Tom Barnaby/Ben Jones The Great and the Good
39%
Tom Barnaby/Ben Jones The Made-to-Measure Murders
39%
Tom Barnaby/Ben Jones The Sword of Guillaume
39%
Tom Barnaby/Dan Scott Things That Go Bump in the Night
39%
John Barnaby/Ben Jones A Rare Bird
35%
Tom Barnaby/Gavin Troy Beyond The Grave
35%
Tom Barnaby/Ben Jones Blood on the Saddle
35%
Tom Barnaby/Ben Jones Blood Wedding
35%
John Barnaby/Ben Jones Dark Secrets
35%
Tom Barnaby/Ben Jones Death in a Chocolate Box
35%
John Barnaby/Ben Jones Death in the Slow Lane
35%
John Barnaby/Ben Jones Echoes of the Dead
35%
John Barnaby/Charlie Nelson Habeas Corpus
35%
Tom Barnaby/Ben Jones Last Year's Model
35%
Tom Barnaby/Ben Jones Master Class
35%
John Barnaby/Ben Jones Murder of Innocence
35%
John Barnaby/Ben Jones Schooled in Murder
35%
Tom Barnaby/Ben Jones Shot at Dawn
35%
John Barnaby/Charlie Nelson The Killings of Copenhagen
35%
John Barnaby/Ben Jones The Oblong Murders
35%
Tom Barnaby/Ben Jones The Silent Land
35%
Tom Barnaby/Ben Jones They Seek Him Here
35%
John Barnaby/Ben Jones A Sacred Trust
30%
John Barnaby/Jamie Winter Crime and Punishment
30%
John Barnaby/Jamie Winter Last Man Out
30%
John Barnaby/Charlie Nelson Murder by Magic
30%
John Barnaby/Charlie Nelson Saints and Sinners
30%
John Barnaby/Jamie Winter Send In The Clowns
30%
John Barnaby/Charlie Nelson The Christmas Haunting
30%
John Barnaby/Jamie Winter The Curse of the Ninth
30%
John Barnaby/Charlie Nelson The Dagger Club
30%
John Barnaby/Charlie Nelson The Flying Club
30%
John Barnaby/Jamie Winter The Ghost of Causton Abbey
30%
John Barnaby/Ben Jones The Night of the Stag
30%
Tom Barnaby/Ben Jones The Noble Art
30%
John Barnaby/Ben Jones The Sleeper Under The Hill
30%
John Barnaby/Charlie Nelson Wild Harvest
30%
John Barnaby/Ben Jones Written in the Stars
30%
John Barnaby/Charlie Nelson A Dying Art
26%
John Barnaby/Charlie Nelson A Vintage Murder
26%
John Barnaby/Charlie Nelson Breaking the Chain
26%
John Barnaby/Ben Jones Death and the Divas
26%
John Barnaby/Jamie Winter Death of the Small Coppers
26%
John Barnaby/Jamie Winter Drawing Dead
26%
John Barnaby/Jamie Winter Happy Families
26%
John Barnaby/Jamie Winter Red In Tooth & Claw
26%
John Barnaby/Charlie Nelson The Ballad of Midsomer County
26%
John Barnaby/Jamie Winter The Lions of Causton
26%
John Barnaby/Ben Jones The Sicilian Defence
26%
John Barnaby/Jamie Winter The Sting of Death
26%
John Barnaby/Jamie Winter The Village That Rose From The Dead
26%
John Barnaby/Jamie Winter Till Death Do Us Part
26%
John Barnaby/Jamie Winter Death by Persuasion
22%
John Barnaby/Charlie Nelson Harvest of Souls
22%
John Barnaby/Charlie Nelson Let Us Prey
22%
John Barnaby/Charlie Nelson The Incident at Cooper Hill
22%
John Barnaby/Jamie Winter The Miniature Murders
22%
John Barnaby/Jamie Winter The Point of Balance
22%
John Barnaby/Jamie Winter The Scarecrow Murders
22%
John Barnaby/Jamie Winter The Stitcher Society
22%
John Barnaby/Jamie Winter With Baited Breath
22%
John Barnaby/Jamie Winter The Wolf Hunter of Midsomer Worthy
13%
No matching quizzes found
Score Distribution
Percent of People with Each Score
Percentile by Number Answered
Your Score History
You have not taken this quiz since the last reset